000 00283nam a2200109Ia 4500
008 220216s9999 xx 000 0 und d
100 _aSalim Kumar P G
245 0 _aRubber paal sombaranathilum vipananathilum sredhikanere
260 _bRubber
_c2013
300 _a11-Jun
942 _cJS
999 _c67855
_d67855